Statistiques concernant Dates marquantes de la vie politique française (I)

Cliquez ici pour prendre le quiz!

Statistiques générales

  • Ce quiz a été pris 58 fois
  • Le résultat moyen est 10 sur 15

Statistiques - réponses

EvénementDate(s)% Correct
Election du plus jeune Président de la République française2017
91%
Attentat sur le Général de Gaulle au Petit-Clamart1962
89%
Indépendance de l'Algérie1962
89%
Jean Marie Le Pen est au second tour de l'élection présidentielle2002
88%
Première cohabitation1986
80%
Rejet par référendum du traité constitutionnel de l'Union Européenne2005
79%
Discours de D. de Villepin devant le Conseil de sécurité de l'ONU2003
77%
Première femme première ministre1991
71%
Discours de Bayeux par le Général de Gaulle1946
68%
Début de la Troisième République1870
66%
Assassinat de Sadi Carnot1894
43%
Mort de Félix Faure1899
43%
Crise parlementaire du 16 mai (...) (IIIème République)1877
38%
Début et fin du GPRF (deux dates)1944-1946
38%
Scandale de Panama1892
36%

Distribution des résultats

Percentile par nombre de réponses

% des personnes avec chaque résultat

Votre développement - résultats

Vous n’avez pas pris ce quiz